Normal view
MARC view
Entry Topical Term
001 - CONTROL NUMBER
- control field: 5732
003 - CONTROL NUMBER IDENTIFIER
- control field: BD-RjUL
005 - DATE AND TIME OF LATEST TRANSACTION
- control field: 20221106121626.0
008 - FIXED-LENGTH DATA ELEMENTS
- fixed length control field: 221106|| aca||aabn | a|a d
040 ## - CATALOGING SOURCE
- Original cataloging agency: BD-RjUL
- Transcribing agency: BD-RjUL
150 ## - HEADING--TOPICAL TERM
- Topical term or geographic name entry element: India
- Geographic subdivision: Bengal
- General subdivision: History
- Chronological subdivision: 1574-1757 A. D
670 ## - SOURCE DATA FOUND
- Source citation: Work cat.: (BD-RjUL)80468: ইসলাম, মো. আমিরুল 5015, বাংলায় মোগল আধিপত্যের স্বরূপ ও প্রশাসনিক বিন্যাস /, ২০১০